Jack and the beanstalk / (Record no. 355532)
[ view plain ]
| 000 -LEADER | |
|---|---|
| fixed length control field | 00497nam a2200193Ia 4500 |
| 008 - FIXED-LENGTH DATA ELEMENTS--GENERAL INFORMATION | |
| fixed length control field | 180207s9999 xx 000 0 und d |
| 020 ## - INTERNATIONAL STANDARD BOOK NUMBER | |
| International Standard Book Number | 9780861637909 |
| 050 ## - LIBRARY OF CONGRESS CALL NUMBER | |
| Item number | T167 1987 |
| 100 ## - MAIN ENTRY--PERSONAL NAME | |
| Personal name | Tanner, Suzy-Jane |
| 245 ## - TITLE STATEMENT | |
| Title | Jack and the beanstalk / |
| 245 ## - TITLE STATEMENT | |
| Statement of responsibility, etc | by Suzy-Jane Tanner. |
| 260 ## - PUBLICATION, DISTRIBUTION, ETC. (IMPRINT) | |
| Place of publication, distribution, etc | Nottingham, UK : |
| 260 ## - PUBLICATION, DISTRIBUTION, ETC. (IMPRINT) | |
| Name of publisher, distributor, etc | Award Publications Limited, |
| 260 ## - PUBLICATION, DISTRIBUTION, ETC. (IMPRINT) | |
| Date of publication, distribution, etc | 1987 |
| 300 ## - PHYSICAL DESCRIPTION | |
| Extent | unpaged : |
| 300 ## - PHYSICAL DESCRIPTION | |
| Other physical details | color illustration ; |
| 300 ## - PHYSICAL DESCRIPTION | |
| Dimensions | 24cm. |
| 440 ## - SERIES STATEMENT/ADDED ENTRY--TITLE | |
| Title | Read along with me. |
| Withdrawn status | Lost status | Damaged status | Home library | Current library | Date acquired | Total Checkouts | Full call number | Barcode | Date last seen | Price effective from | Koha item type |
|---|---|---|---|---|---|---|---|---|---|---|---|
| Stonyhurst Southville International School (Malarayat) | Stonyhurst Southville International School (Malarayat) | 02/07/2018 | ER T167 1987 | SSISM5077 | 02/07/2018 | 02/07/2018 | Books |